Peter Rónai: Mixed memory 2007 autorská výstava - galéria Jána Koniarka v Trnave : 22.02-25.03.2007

Bibliographic Details
Other Authors: Beskid, Vladimír, 1962- (Curator), Hučko, Tomáš, 1959- (Videographer)
Format: Video DVD
Language:Slovak
PhysicalDescription:1 videodisk (DVD) (10 min.) zvuk stereo, fareb., PAL 4:3 12 cm
Published: [Trnava Univerzita sv. Cyrila a Metoda 2007]
Subjects:

MARC

LEADER 00000ngm a2200000 a 4500
001 vtls009935299
003 SK-MaSNL
005 20260409140529.0
007 vd cvaizs
008 090731s2007 xo 000 g vlslo
015 |a SNBJ2010/01-00233 
020 |z 9788081051050 
040 |a SNK  |b slo  |c SNK  |e AACR2 
041 0 |a slo 
043 |a e-xo---  |a e-hu--- 
044 |a xo  |c SK 
072 7 |a 791  |x Film. Cirkus. Ľudová zábava  |2 konspekt 
072 7 |a 72/76  |x Výtvarné umenie  |2 konspekt 
080 |a 791.229  |2 2001 
080 |a 72/76.071.1  |2 2001 
080 |a 72/76  |2 2001 
080 |a (437.6)  |2 2001 
080 |a (439)  |2 2001 
080 |a (083.824)  |2 2001 
080 |a (0.034.44)  |2 2001 
100 1 |a Rónai, Peter,   |d 1953-  |4 art  |9 1636547 
245 1 0 |a Peter Rónai: Mixed memory 2007  |h videozáznam  |b autorská výstava - galéria Jána Koniarka v Trnave : 22.02-25.03.2007  |c komisár výstavy: Vladimír Beskid ; dokumentárny videozáznam: Tomáš Hučko 
246 3 |a Mixed memory 2007 
260 |a [Trnava  |b Univerzita sv. Cyrila a Metoda  |c 2007] 
300 |a 1 videodisk (DVD) (10 min.)  |b zvuk stereo, fareb., PAL 4:3  |c 12 cm 
500 |a Názov z disku 
600 1 7 |a Rónai, Peter,   |d 1953-  |2 SNKMA  |9 1636547 
648 7 |a 20.-21. stor.  |2 SNKPH  |9 270701 
650 0 7 |a dokumentárne filmy  |2 SNKPH  |9 3400 
650 0 7 |a slovenské výtvarné umenie  |2 SNKPH  |9 68597 
650 0 7 |a maďarské výtvarné umenie  |2 SNKPH  |9 84728 
650 0 7 |a výtvarníci  |2 SNKPH  |9 118705 
651 7 |a Slovensko  |2 SNKPH  |9 14231 
651 7 |a Maďarsko  |2 SNKPH  |9 16754 
655 7 |a DVD  |2 SNKPH  |9 70751 
655 7 |a katalógy výstav  |2 SNKPH  |9 70445 
700 1 |a Beskid, Vladimír,  |d 1962-  |4 cur  |9 92783 
700 1 |a Hučko, Tomáš,  |d 1959-  |4 vdg  |9 198335 
999 |c 1003613  |d 1005543 
952 |a SNK  |b SNK  |y PREZ  |7 0  |p 17A0627201  |o snkSDVD 543  |i snk2009/13859  |8 0  |0 0  |1 0  |4 0  |d 2009-07-31  |l 0  |r 2026-02-24 12:27:47  |w 2026-02-24